[Event "LSS No Engine Cup 206 Preliminary 0"]
[Site "LSS email"]
[Date "2020.08.24"]
[Round "?"]
[White "Alvar, Juan"]
[Black "Cabrera Trujillo, Claudio Tomas"]
[Result "0-1"]
[WhiteElo "1527"]
[BlackElo "1409"]
[PlyCount "54"]
[EventDate "2020.08.24"]
[EventType "tourn (corr)"]
[EventRounds "6"]
[EventCountry "GER"]
[SourceTitle "Corr 2022"]
[Source "ChessBase"]
[SourceDate "2021.10.24"]
[SourceVersion "1"]
[SourceVersionDate "2021.10.24"]
[SourceQuality "1"]

1. e4 c5 2. d4 cxd4 3. c3 Nf6 4. e5 Nd5 5. Qxd4 e6 6. Nf3 Nc6 7. Qe4 f5 8. Qe2 Qc7 9. Na3 Bxa3 10. bxa3 Nxc3 11. Qc4 Ne4 12. Bd3 Qa5+ 13. Kf1 Nxe5 14. Nxe5 Qxe5 15. Rb1 0-0 16. f4 Qd6 17. Be3 Qxa3 18. g4 d5 19. Qd4 b6 20. gxf5 Ba6 21. Rb3 Qxa2 22. Rg1 Rf6 23. Bxa6 Qxb3 24. Bd3 exf5 25. Bxe4 dxe4 26. Qxf6 Qd1+ 27. Kf2 Qf3+ 0-1

[Event "FICGS no engines 00 email"]
[Site "FICGS email"]
[Date "2020.05.24"]
[Round "1"]
[White "Alvar, Juan"]
[Black "Foster, Duncan"]
[Result "1-0"]
[WhiteElo "1449"]
[BlackElo "1941"]
[PlyCount "55"]
[EventDate "2020.??.??"]
[EventType "swiss (corr)"]
[EventRounds "1"]
[SourceTitle "Corr 2022"]
[Source "ChessBase"]
[SourceDate "2021.10.24"]
[SourceVersion "1"]
[SourceVersionDate "2021.10.24"]
[SourceQuality "1"]

1. d4 f5 2. c4 Nf6 3. Nc3 d6 4. g3 g6 5. Bg2 Bg7 6. Nf3 0-0 7. 0-0 c6 8. Re1 Be6 9. d5 Bf7 10. Ng5 Nbd7 11. Nxf7 Rxf7 12. dxc6 bxc6 13. Bxc6 Rb8 14. Bg2 Qa5 15. Qc2 Qb4 16. Be3 a6 17. b3 Ng4 18. Bd2 Qc5 19. Rf1 Re8 20. Rac1 Bd4 21. e3 Bg7 22. Na4 Qa7 23. c5 dxc5 24. Nxc5 Nxc5 25. Qxc5 e6 26. Qxa7 Rxa7 27. Ba5 Bb2 28. Rc2 1-0

[Event "SC-2020-0-00388"]
[Site "LSS email"]
[Date "2020.03.20"]
[Round "?"]
[White "Cruz Ramirez, Eliecer"]
[Black "Alvar, Juan"]
[Result "1-0"]
[WhiteElo "1666"]
[BlackElo "1697"]
[PlyCount "37"]
[EventDate "2020.02.05"]
[EventType "tourn (corr)"]
[EventRounds "6"]
[EventCountry "GER"]
[SourceTitle "Corr 2022"]
[Source "ChessBase"]
[SourceDate "2021.10.24"]
[SourceVersion "1"]
[SourceVersionDate "2021.10.24"]
[SourceQuality "1"]

1. e4 c6 2. d4 d5 3. e5 Bf5 4. Nf3 e6 5. Be2 c5 6. Be3 Qb6 7. Nc3 Nc6 8. 0-0 0-0-0 9. dxc5 Qxb2 10. Nb5 Qxc2 11. Qe1 a6 12. Nd6+ Bxd6 13. cxd6 Bd3 14. Bxd3 Qxd3 15. Rc1 Nh6 16. Qa5 Rd7 17. Nd4 Nf5 18. Nxc6 bxc6 19. Rxc6+ 1-0

[Event "LSS No Engine Cup 201 Preliminary 0"]
[Site "LSS email"]
[Date "2020.03.17"]
[Round "?"]
[White "Alvar, Juan"]
[Black "Von Regen, Roland"]
[Result "1-0"]
[WhiteElo "1628"]
[BlackElo "1600"]
[PlyCount "22"]
[EventDate "2020.03.17"]
[EventType "tourn (corr)"]
[EventRounds "6"]
[EventCountry "GER"]
[SourceTitle "Corr 2022"]
[Source "ChessBase"]
[SourceDate "2021.10.24"]
[SourceVersion "1"]
[SourceVersionDate "2021.10.24"]
[SourceQuality "1"]

1. b3 f5 2. Bb2 Nf6 3. Nf3 d6 4. d4 c6 5. g3 Nbd7 6. Bh3 Ng4 7. Qd3 e6 8. e4 Ndf6 9. exf5 Qa5+ 10. Nbd2 Qxf5 11. Qxf5 exf5 1-0

[Event "SC-2020-0-00387"]
[Site "LSS email"]
[Date "2020.03.03"]
[Round "?"]
[White "Alvar, Juan"]
[Black "Cleto, Dirceu Jr"]
[Result "0-1"]
[WhiteElo "1692"]
[BlackElo "1824"]
[PlyCount "72"]
[EventDate "2020.01.04"]
[EventType "tourn (corr)"]
[EventRounds "6"]
[EventCountry "GER"]
[SourceTitle "Corr 2022"]
[Source "ChessBase"]
[SourceDate "2021.10.24"]
[SourceVersion "1"]
[SourceVersionDate "2021.10.24"]
[SourceQuality "1"]

1. Nf3 Nf6 2. c4 g6 3. Nc3 d5 4. cxd5 Nxd5 5. g3 Bg7 6. Bg2 Nc6 7. 0-0 0-0 8. Qb3 Nb6 9. d3 e5 10. Be3 Nd4 11. Bxd4 exd4 12. Ne4 a5 13. Nc5 a4 14. Qc2 a3 15. bxa3 Nd5 16. Qb2 b6 17. Nb3 c5 18. Rac1 Re8 19. Rfe1 Bg4 20. Nbd2 Nc3 21. Bf1 Ra7 22. h3 Be6 23. Ne4 Bd5 24. Ned2 Rae7 25. Ne4 f5 26. Ned2 Nxe2+ 27. Bxe2 Rxe2 28. Rxe2 Rxe2 29. Rc2 c4 30. Qc1 c3 31. Qd1 Re7 32. Nb3 Bb7 33. Nh2 Qe8 34. Rc1 Re2 35. Ra1 Qc6 36. f3 Qe6 0-1

[Event "LSS No Engine Cup 200 Preliminary 0"]
[Site "LSS email"]
[Date "2020.02.23"]
[Round "?"]
[White "Alvar, Juan"]
[Black "Hoehne, Ernst"]
[Result "0-1"]
[WhiteElo "1628"]
[BlackElo "1972"]
[PlyCount "48"]
[EventDate "2020.02.23"]
[EventType "tourn (corr)"]
[EventRounds "6"]
[EventCountry "GER"]
[SourceTitle "Corr 2022"]
[Source "ChessBase"]
[SourceDate "2021.10.24"]
[SourceVersion "1"]
[SourceVersionDate "2021.10.24"]
[SourceQuality "1"]

1. e4 c5 2. Nc3 Nc6 3. g3 g6 4. Bg2 Bg7 5. d3 d6 6. Be3 e6 7. f4 Nge7 8. Nf3 0-0 9. 0-0 b6 10. Qd2 d5 11. exd5 exd5 12. Bf2 d4 13. Ne2 Bb7 14. g4 Nd5 15. Ng3 Qc7 16. f5 Rfe8 17. Rfe1 Ne3 18. h3 Nxg2 19. Kxg2 Ne5 20. Ne4 Nxf3 21. Kxf3 gxf5 22. gxf5 Re5 23. Qg5 Qd7 24. Rg1 Rxf5+ 0-1

[Event "LSS No Engine Cup 200 Preliminary 0"]
[Site "LSS email"]
[Date "2020.02.23"]
[Round "?"]
[White "Bieszk, Stanislaw"]
[Black "Alvar, Juan"]
[Result "0-1"]
[WhiteElo "1381"]
[BlackElo "1628"]
[PlyCount "60"]
[EventDate "2020.02.23"]
[EventType "tourn (corr)"]
[EventRounds "6"]
[EventCountry "GER"]
[SourceTitle "Corr 2022"]
[Source "ChessBase"]
[SourceDate "2021.10.24"]
[SourceVersion "1"]
[SourceVersionDate "2021.10.24"]
[SourceQuality "1"]

1. c4 f5 2. Nc3 Nf6 3. Nf3 g6 4. g3 Bg7 5. Bg2 0-0 6. 0-0 d6 7. d4 Nc6 8. e3 a6 9. a3 e5 10. d5 Ne7 11. Bd2 h6 12. Rc1 g5 13. b4 Ng6 14. Qb3 f4 15. exf4 exf4 16. gxf4 gxf4 17. Ne2 Ne4 18. Rfd1 Bg4 19. h3 Bxf3 20. Bxf3 Ng5 21. Bg4 h5 22. Bxh5 f3 23. Ng3 Nxh3+ 24. Kf1 Ne5 25. Rc3 Qh4 26. Re3 Nxf2 27. Kxf2 Qh2+ 28. Kf1 Qg2+ 29. Ke1 f2+ 30. Ke2 f1Q# 0-1

[Event "LSS No Engine Cup 200 Preliminary 0"]
[Site "LSS email"]
[Date "2020.02.23"]
[Round "?"]
[White "Wuttke, Bodo"]
[Black "Alvar, Juan"]
[Result "1-0"]
[WhiteElo "1600"]
[BlackElo "1628"]
[PlyCount "37"]
[EventDate "2020.02.23"]
[EventType "tourn (corr)"]
[EventRounds "6"]
[EventCountry "GER"]
[SourceTitle "Corr 2022"]
[Source "ChessBase"]
[SourceDate "2021.10.24"]
[SourceVersion "1"]
[SourceVersionDate "2021.10.24"]
[SourceQuality "1"]

1. d4 Nf6 2. c4 e6 3. Nc3 Bb4 4. Bg5 h6 5. Bh4 b6 6. f3 g5 7. Bf2 Bxc3+ 8. bxc3 d5 9. e3 Bb7 10. Bd3 Nbd7 11. cxd5 exd5 12. Ne2 0-0 13. Ng3 Kh8 14. h4 Nh7 15. hxg5 Qxg5 16. Rh5 Qf6 17. Nf5 Rg8 18. Nxh6 Rg5 19. Ng4 1-0

[Event "LSS No Engine Cup 58 Final"]
[Site "LSS email"]
[Date "2012.08.09"]
[Round "?"]
[White "Alvar, Juan"]
[Black "Perez, Giorgio"]
[Result "0-1"]
[WhiteElo "1190"]
[BlackElo "1806"]
[PlyCount "60"]
[EventDate "2012.08.10"]
[EventType "tourn (corr)"]
[EventRounds "6"]
[EventCountry "GER"]
[SourceTitle "Telechess CBM 159"]
[Source "ChessBase"]
[SourceDate "2014.03.17"]
[SourceVersion "1"]
[SourceVersionDate "2014.03.17"]
[SourceQuality "1"]

1. Nf3 Nf6 2. c4 c5 3. g3 d5 4. cxd5 Nxd5 5. Bg2 Nc6 6. 0-0 e5 7. Nc3 Nc7 8. d3 Be7 9. Be3 0-0 10. Rc1 f5 11. Na4 b6 12. a3 Nd5 13. b4 Be6 14. bxc5 Nxe3 15. fxe3 b5 16. Nb2 Rc8 17. Qd2 Na5 18. Qb4 Nb3 19. Nxe5 Bg5 20. Kf2 a5 21. Qc3 Rxc5 22. Qxc5 Nxc5 23. Rxc5 f4 24. gxf4 Bxf4 25. Nf3 Bxh2 26. Rh5 Qc7 27. Rd1 Rxf3+ 28. exf3 Qc2+ 29. Kf1 Bg3 30. Kg1 Qxb2 0-1

[Event "LSS No Engine Cup 58 Preliminary 7"]
[Site "LSS email"]
[Date "2012.01.25"]
[Round "?"]
[White "Guaimare Rodriguez, Carlos Luis"]
[Black "Alvar, Juan"]
[Result "0-1"]
[WhiteElo "1141"]
[BlackElo "1168"]
[PlyCount "56"]
[EventDate "2012.01.26"]
[EventType "tourn (corr)"]
[EventRounds "6"]
[EventCountry "GER"]
[SourceTitle "Telechess CBM 153"]
[Source "ChessBase"]
[SourceDate "2013.03.14"]
[SourceVersion "1"]
[SourceVersionDate "2013.03.14"]
[SourceQuality "1"]

1. d4 Nf6 2. c4 c5 3. d5 b5 4. cxb5 a6 5. bxa6 Bxa6 6. Nc3 d6 7. e4 Bxf1 8. Kxf1 g6 9. g4 h5 10. g5 Nfd7 11. f4 Bg7 12. Qc2 Na6 13. a3 e6 14. Nf3 Qa5 15. Bd2 Nb4 16. Qb3 0-0 17. Kg2 Na6 18. Rhd1 Rab8 19. Qc2 c4 20. Be3 Nac5 21. dxe6 fxe6 22. Rxd6 Qc7 23. Rad1 Nd3 24. Rxe6 Nxf4+ 25. Bxf4 Qxf4 26. Rxg6 Qxf3+ 27. Kg1 Ne5 28. Nd5 Nxg6 0-1

[Event "FICGS W-ch st1 g03 email"]
[Site "FICGS email"]
[Date "2012.01.01"]
[Round "1"]
[White "Alvar, Juan"]
[Black "Hamby, Stephen"]
[Result "0-1"]
[WhiteElo "1436"]
[BlackElo "2134"]
[PlyCount "62"]
[EventDate "2012.??.??"]
[EventType "tourn (corr)"]
[EventRounds "8"]
[SourceTitle "Corr 2022"]
[Source "ChessBase"]
[SourceDate "2021.10.24"]
[SourceVersion "1"]
[SourceVersionDate "2021.10.24"]
[SourceQuality "1"]

1. c4 e5 2. Nc3 Nf6 3. g3 d5 4. cxd5 Nxd5 5. Bg2 Nb6 6. d3 Nc6 7. Nf3 Be7 8. 0-0 0-0 9. Be3 Re8 10. d4 exd4 11. Nxd4 Nxd4 12. Qxd4 c6 13. Rfd1 Be6 14. Qe4 Qc8 15. a4 Bb3 16. Rd2 Nc4 17. Qf3 Nxd2 18. Bxd2 Qe6 19. e4 Bc2 20. Re1 Rad8 21. Be3 Bf6 22. Bxa7 Qb3 23. e5 Qxb2 24. h4 Rxe5 25. Rxe5 Bxe5 26. Ne4 Qa1+ 27. Kh2 Qxa4 28. Bb6 Re8 29. Nd2 Qb4 30. Be3 Qxh4+ 31. Kg1 Qb4 0-1

[Event "SF-2011-0-00120"]
[Site "LSS email"]
[Date "2011.11.25"]
[Round "?"]
[White "Alvar, Juan"]
[Black "Nyeste, Gyula"]
[Result "0-1"]
[WhiteElo "1104"]
[BlackElo "911"]
[PlyCount "86"]
[EventDate "2011.10.21"]
[EventType "tourn (corr)"]
[EventRounds "6"]
[EventCountry "GER"]
[SourceTitle "Telechess CBM 157"]
[Source "ChessBase"]
[SourceDate "2013.11.12"]
[SourceVersion "1"]
[SourceVersionDate "2013.11.12"]
[SourceQuality "1"]

1. e4 e5 2. Nf3 Bd6 3. Bc4 Nf6 4. 0-0 Nxe4 5. Re1 Nc5 6. d4 Ne6 7. dxe5 Be7 8. Nc3 0-0 9. Nd5 d6 10. Nxe7+ Qxe7 11. exd6 cxd6 12. Bf4 Rd8 13. Bd5 a6 14. c4 Nc6 15. h4 Qf6 16. Bg5 Nxg5 17. Nxg5 Ne5 18. Qd2 h6 19. Rxe5 dxe5 20. Nxf7 Rxd5 21. Nxh6+ gxh6 22. Qxd5+ Be6 23. Qxb7 Rf8 24. f3 Bxc4 25. b3 Bd3 26. Qd5+ Kh8 27. Qxd3 e4 28. Qd1 exf3 29. gxf3 Qxh4 30. Qd6 Rg8+ 31. Kf1 Qh1+ 32. Ke2 Rg2+ 33. Ke3 Qxa1 34. Qxh6+ Kg8 35. Qe6+ Kg7 36. Qe7+ Kh6 37. Qh4+ Kg6 38. Qe4+ Kg7 39. Qe7+ Kg6 40. Qe6+ Qf6 41. Qg8+ Qg7 42. Qe6+ Kg5 43. f4+ Kh4 0-1

[Event "LSS No Engine Cup 54 Preliminary 6"]
[Site "LSS email"]
[Date "2011.11.16"]
[Round "?"]
[White "Alvar, Juan"]
[Black "Brough, Carl"]
[Result "1-0"]
[WhiteElo "1152"]
[BlackElo "750"]
[PlyCount "97"]
[EventDate "2011.11.17"]
[EventType "tourn (corr)"]
[EventRounds "6"]
[EventCountry "GER"]
[SourceTitle "Telechess CBM 155"]
[Source "ChessBase"]
[SourceDate "2013.07.16"]
[SourceVersion "1"]
[SourceVersionDate "2013.07.16"]
[SourceQuality "1"]

1. e4 e5 2. Nf3 Nc6 3. Bb5 Nf6 4. 0-0 Bc5 5. c3 Nxe4 6. d4 exd4 7. cxd4 Bb6 8. Re1 d5 9. Ng5 0-0 10. Nxe4 dxe4 11. d5 Nd4 12. Bf1 Qxd5 13. Nc3 Qf5 14. Rxe4 Bd7 15. Bd3 Qf6 16. Nd5 Qd6 17. Nxb6 Qxb6 18. Rxd4 Rad8 19. Bf1 Rfe8 20. Rxd7 Qf6 21. Rxd8 Rxd8 22. Qc2 c6 23. Be3 b6 24. Rd1 Re8 25. h3 c5 26. Bb5 Rc8 27. Rd7 h6 28. Bc4 Rf8 29. a4 a6 30. Bxa6 Qc6 31. Bb5 Qe6 32. Qd2 Qf6 33. b4 cxb4 34. Qxb4 Rc8 35. Kh2 g5 36. Qd6 Qxd6+ 37. Rxd6 Kf8 38. Bxb6 Rc2 39. Rd8+ Ke7 40. Rd7+ Ke6 41. f3 h5 42. Rd1 f5 43. Bd7+ Kf6 44. a5 Ra2 45. Bb5 g4 46. hxg4 fxg4 47. fxg4 hxg4 48. a6 Rb2 49. Bd4+ 1-0

[Event "LSS No Engine Cup 54 Preliminary 6"]
[Site "LSS email"]
[Date "2011.11.16"]
[Round "?"]
[White "Alvar, Juan"]
[Black "Lewis, Jerome A"]
[Result "0-1"]
[WhiteElo "1152"]
[BlackElo "1061"]
[PlyCount "54"]
[EventDate "2011.11.17"]
[EventType "tourn (corr)"]
[EventRounds "6"]
[EventCountry "GER"]
[SourceTitle "Telechess CBM 155"]
[Source "ChessBase"]
[SourceDate "2013.07.16"]
[SourceVersion "1"]
[SourceVersionDate "2013.07.16"]
[SourceQuality "1"]

1. c4 Nf6 2. Nc3 g6 3. d4 d5 4. cxd5 Nxd5 5. e4 Nxc3 6. bxc3 Bg7 7. Bc4 0-0 8. Ne2 Nc6 9. 0-0 a6 10. Be3 b5 11. Bd3 Rb8 12. Rc1 Na5 13. f4 e6 14. f5 exf5 15. exf5 Nc4 16. Bxc4 bxc4 17. fxg6 fxg6 18. Qa4 Qd5 19. Rxf8+ Bxf8 20. Nf4 Qb5 21. Qc2 Bf5 22. Qf2 Qb2 23. Qh4 Qxa2 24. d5 Rb2 25. Bd4 Be4 26. Qf6 Rxg2+ 27. Kf1 Bd3+ 0-1

[Event "OP-2011-0-01855"]
[Site "LSS email"]
[Date "2011.11.02"]
[Round "?"]
[White "Alvar, Juan"]
[Black "Schalkwijk, Peter H"]
[Result "0-1"]
[WhiteElo "1104"]
[BlackElo "1389"]
[PlyCount "76"]
[EventDate "2011.10.30"]
[EventType "tourn (corr)"]
[EventRounds "4"]
[EventCountry "GER"]
[SourceTitle "Telechess CBM 157"]
[Source "ChessBase"]
[SourceDate "2013.11.12"]
[SourceVersion "1"]
[SourceVersionDate "2013.11.12"]
[SourceQuality "1"]

1. e4 c5 2. Nf3 Nf6 3. e5 Nd5 4. c3 e6 5. d4 Nc6 6. Bd3 cxd4 7. cxd4 Bb4+ 8. Bd2 Qb6 9. 0-0 Bxd2 10. Nbxd2 Nxd4 11. Ng5 g6 12. Nge4 0-0 13. Nc4 Qb4 14. Ned6 f5 15. exf6 Rxf6 16. Qg4 Rf4 17. Qg5 b5 18. a3 Qc5 19. b4 Qc6 20. Bxg6 Ne2+ 21. Kh1 hxg6 22. Qxg6+ Kf8 23. Qh6+ Ke7 24. Qg7+ Kd8 25. Qh8+ Kc7 26. Ne8+ Kd8 27. Ne5 Qa6 28. Rac1 Nxc1 29. Rxc1 Rc4 30. Nd6+ Ke7 31. Nexc4 bxc4 32. Nxc4 d6 33. Qg7+ Kd8 34. Qf8+ Kd7 35. Qf7+ Ne7 36. h4 Bb7 37. h5 Qb5 38. Rc3 Rc8 0-1

[Event "OP-2011-0-01855"]
[Site "LSS email"]
[Date "2011.11.02"]
[Round "?"]
[White "Cherry, Brian"]
[Black "Alvar, Juan"]
[Result "0-1"]
[WhiteElo "712"]
[BlackElo "1104"]
[PlyCount "72"]
[EventDate "2011.10.30"]
[EventType "tourn (corr)"]
[EventRounds "4"]
[EventCountry "GER"]
[SourceTitle "Telechess CBM 157"]
[Source "ChessBase"]
[SourceDate "2013.11.12"]
[SourceVersion "1"]
[SourceVersionDate "2013.11.12"]
[SourceQuality "1"]

1. e4 e5 2. Nf3 Nc6 3. Bb5 a6 4. Bxc6 dxc6 5. d3 Bd6 6. b3 Ne7 7. Bg5 f6 8. Bh4 Be6 9. 0-0 0-0 10. c4 Qe8 11. d4 Bg4 12. c5 Qh5 13. Nbd2 Ng6 14. Bg3 Be7 15. h3 Bxf3 16. Qxf3 Qxf3 17. Nxf3 exd4 18. Nxd4 Rf7 19. Ne6 Nf8 20. Nxc7 Rc8 21. Rad1 Bxc5 22. Rc1 Bb6 23. Rfe1 Bxc7 24. e5 fxe5 25. Bxe5 Bxe5 26. Rxe5 Ng6 27. Re4 Rcf8 28. f3 Re7 29. Rd4 Rfe8 30. Kf2 Re2+ 31. Kg3 Rxa2 32. Rcd1 h6 33. Rd6 Kh7 34. f4 Re3+ 35. Kh2 Nxf4 36. R1d2 Rxd2 0-1